[Event "Groningen op 57th"]
[Site "Groningen"]
[Date "2019.12.24"]
[Round "4"]
[White "Van Foreest, Machteld"]
[Black "Van Randtwijk, Mick"]
[Result "1-0"]
[WhiteElo "2187"]
[BlackElo "2047"]
[PlyCount "41"]
[EventDate "2019.12.21"]
[EventType "swiss"]
[EventRounds "9"]
[EventCountry "NED"]
[SourceTitle "CBM 194 Extra"]
[Source "ChessBase"]
[SourceDate "2020.03.31"]
[SourceVersion "1"]
[SourceVersionDate "2020.03.31"]
[SourceQuality "1"]

1. e4 c5 2. Nf3 d6 3. d4 cxd4 4. Nxd4 Nf6 5. Nc3 a6 6. f3 e5 7. Nb3 Be6 8. Be3 h6 9. Qd2 Nbd7 10. 0-0-0 Be7 11. Nd5 Bxd5 12. exd5 Rc8 13. Qb4 b5 14. Qa5 0-0 15. Qxa6 Qc7 16. Qc6 Nxd5 17. Qxc7 Nxc7 18. Na5 d5 19. Nc6 Bf6 20. g4 d4 21. Bd2 1-0

[Event "Groningen op 57th"]
[Site "Groningen"]
[Date "2019.12.21"]
[Round "1"]
[White "Van Randtwijk, Mick"]
[Black "Kolbus, Dietmar"]
[Result "1/2-1/2"]
[WhiteElo "2047"]
[BlackElo "2294"]
[PlyCount "110"]
[EventDate "2019.12.21"]
[EventType "swiss"]
[EventRounds "9"]
[EventCountry "NED"]
[SourceTitle "CBM 194 Extra"]
[Source "ChessBase"]
[SourceDate "2020.03.31"]
[SourceVersion "1"]
[SourceVersionDate "2020.03.31"]
[SourceQuality "1"]

1. e4 c5 2. Nf3 a6 3. Nc3 d6 4. g3 Bg4 5. Bg2 Nc6 6. h3 Bxf3 7. Bxf3 g6 8. 0-0 Bg7 9. d3 e6 10. Be3 Nge7 11. Qd2 0-0 12. Ne2 Nd4 13. Bg2 Nxe2+ 14. Qxe2 Qd7 15. c3 Rac8 16. f4 f5 17. Rad1 d5 18. Bf2 Rfe8 19. Rfe1 d4 20. Qc2 fxe4 21. Rxe4 Nd5 22. cxd4 cxd4 23. Qe2 Nb4 24. a3 Rc2 25. Rd2 Rc1+ 26. Rd1 Rc2 27. Rd2 Rc1+ 28. Kh2 Nc6 29. Rc2 Rxc2 30. Qxc2 Bf6 31. h4 e5 32. fxe5 Bxe5 33. Re1 Kg7 34. Qc5 Bf6 35. Rxe8 Qxe8 36. Qb6 Qd7 37. Bxc6 Qxc6 38. Qxc6 bxc6 39. Kg2 Kf7 40. Kf3 Ke6 41. Ke4 h5 42. Bxd4 Bd8 43. Be5 Bb6 44. b4 Ba7 45. a4 Bf2 46. Bf4 Be1 47. Bb8 Bxb4 48. Ba7 Bd6 49. Bf2 Bc7 50. Be1 Bb6 51. Bd2 Bc5 52. Bc3 Bd6 53. Be1 Be5 54. Bf2 Bc7 55. Be1 Be5 1/2-1/2

[Event "Hoogeveen op 22nd"]
[Site "Hoogeveen"]
[Date "2018.10.26"]
[Round "8"]
[White "Kutchoukov, Daniel"]
[Black "Van Randtwijk, Mick"]
[Result "0-1"]
[WhiteElo "1882"]
[BlackElo "1979"]
[PlyCount "92"]
[EventDate "2018.10.20"]
[EventType "swiss"]
[EventRounds "9"]
[EventCountry "NED"]
[SourceTitle "CBM 187 Extra"]
[Source "ChessBase"]
[SourceDate "2018.11.04"]
[SourceVersion "1"]
[SourceVersionDate "2018.11.04"]
[SourceQuality "1"]

1. e4 c5 2. Nc3 d6 3. d4 cxd4 4. Qxd4 Nc6 5. Qd2 g6 6. b3 Bg7 7. Bb2 Nf6 8. 0-0-0 0-0 9. f3 Qa5 10. Kb1 Be6 11. h4 Rfc8 12. Nge2 b5 13. Nf4 Bh6 14. g3 Ne5 15. Ncd5 Qxd2 16. Nxf6+ exf6 17. Rxd2 Nxf3 18. Rxd6 Rd8 19. Rxd8+ Rxd8 20. Bxb5 Nd2+ 21. Ka1 Nxe4 22. Re1 f5 23. Ne2 Bf8 24. Kb1 Bc5 25. Bd3 Bf2 26. Rh1 Nxg3 27. Nxg3 Bxg3 28. Bf6 Re8 29. c4 f4 30. Rf1 Bh3 31. Rg1 Bf2 32. Rh1 Bg4 33. Kc2 Bc5 34. Rf1 f3 35. Kd2 f2 36. Bc3 Bh3 37. Ra1 Rd8 38. Kc2 Rxd3 39. Kxd3 f1Q+ 40. Rxf1 Bxf1+ 41. Ke4 Bg2+ 42. Ke5 Kf8 43. b4 Be7 44. a4 Ke8 45. a5 Kd7 46. a6 Kc6 0-1

[Event "Hoogeveen op 22nd"]
[Site "Hoogeveen"]
[Date "2018.10.24"]
[Round "6"]
[White "Dev, Shah"]
[Black "Van Randtwijk, Mick"]
[Result "1-0"]
[WhiteElo "2146"]
[BlackElo "1979"]
[PlyCount "89"]
[EventDate "2018.10.20"]
[EventType "swiss"]
[EventRounds "9"]
[EventCountry "NED"]
[SourceTitle "CBM 187 Extra"]
[Source "ChessBase"]
[SourceDate "2018.11.04"]
[SourceVersion "1"]
[SourceVersionDate "2018.11.04"]
[SourceQuality "1"]

1. d4 Nf6 2. c4 e6 3. Nc3 Bb4 4. e3 0-0 5. Bd3 c5 6. Nf3 Nc6 7. 0-0 d6 8. a3 Bxc3 9. bxc3 e5 10. d5 Ne7 11. e4 Ng6 12. Ne1 Qa5 13. Bd2 a6 14. f3 b5 15. Qe2 bxc4 16. Bxc4 Rb8 17. a4 Nd7 18. Bd3 Rb2 19. Bc2 Qd8 20. Bc1 Rb6 21. Bd3 a5 22. g3 Qc7 23. c4 Rb4 24. Ba3 Rb8 25. Ng2 Nb6 26. Qc2 Bd7 27. Bc1 Rb7 28. Bd2 Na8 29. Bc3 Rfb8 30. f4 f6 31. f5 Nf8 32. g4 Rb3 33. Qd2 Qa7 34. Bc2 R3b6 35. g5 Be8 36. h4 Qa6 37. Ne3 Qa7 38. Kh1 Kh8 39. Rg1 Ra6 40. gxf6 gxf6 41. Ng4 Qe7 42. Nh6 Bf7 43. Qg2 Bxd5 44. Qg8+ Bxg8 45. Rxg8# 1-0

[Event "Utrecht OKU op 45th"]
[Site "Utrecht"]
[Date "2018.06.03"]
[Round "6"]
[White "Van Randtwijk, Mick"]
[Black "Boghossian, Wahe"]
[Result "1-0"]
[WhiteElo "1981"]
[BlackElo "1825"]
[PlyCount "53"]
[EventDate "2018.06.01"]
[EventType "swiss"]
[EventRounds "6"]
[EventCountry "NED"]
[SourceTitle "EXT 2019"]
[Source "ChessBase"]
[SourceDate "2018.10.10"]
[SourceVersion "1"]
[SourceVersionDate "2018.10.10"]
[SourceQuality "1"]

1. e4 c5 2. Nf3 d6 3. d4 cxd4 4. Nxd4 Nf6 5. Nc3 a6 6. Be3 Ng4 7. Bg5 h6 8. Bh4 g5 9. Bg3 Bg7 10. Be2 Nf6 11. Qd2 e6 12. Nb3 d5 13. 0-0-0 0-0 14. exd5 exd5 15. Nxd5 Nxd5 16. Qxd5 Qb6 17. h4 g4 18. Qh5 a5 19. Rd6 Qb4 20. Bd3 Re8 21. f3 Nc6 22. Rxh6 Bxh6+ 23. Qxh6 Re6 24. Bh7+ Kh8 25. Bg6+ Kg8 26. Qh7+ Kf8 27. Qxf7# 1-0

[Event "NED-ch U16"]
[Site "Assen"]
[Date "2018.05.05"]
[Round "7"]
[White "Cchung, Chi Yun"]
[Black "Van Randtwijk, Mick"]
[Result "0-1"]
[WhiteElo "1783"]
[BlackElo "1992"]
[PlyCount "56"]
[EventDate "2018.04.29"]
[EventType "swiss"]
[EventRounds "7"]
[EventCountry "NED"]
[SourceTitle "CBM 184 Extra"]
[Source "ChessBase"]
[SourceDate "2018.06.28"]
[SourceVersion "1"]
[SourceVersionDate "2018.06.28"]
[SourceQuality "1"]

1. e4 c5 2. Nf3 d6 3. d4 cxd4 4. Nxd4 Nf6 5. Nc3 a6 6. Bg5 Nbd7 7. f4 Qc7 8. Qf3 b5 9. 0-0-0 Bb7 10. g4 Rc8 11. Bd3 h6 12. Bxf6 Nxf6 13. h4 h5 14. g5 Ng4 15. g6 fxg6 16. Qe2 e5 17. fxe5 dxe5 18. Nf3 Bc5 19. Rdf1 0-0 20. Ng5 Qb6 21. Nd5 Bxd5 22. exd5 Nf2 23. Rh2 Nxd3+ 24. Qxd3 Rxf1+ 25. Qxf1 Rf8 26. Qd3 Be3+ 27. Kb1 Bxg5 28. hxg5 Qg1+ 0-1

[Event "NED-ch U16"]
[Site "Assen"]
[Date "2018.05.01"]
[Round "3"]
[White "Emans, Job"]
[Black "Van Randtwijk, Mick"]
[Result "0-1"]
[WhiteElo "1803"]
[BlackElo "1992"]
[PlyCount "28"]
[EventDate "2018.04.29"]
[EventType "swiss"]
[EventRounds "7"]
[EventCountry "NED"]
[SourceTitle "CBM 184 Extra"]
[Source "ChessBase"]
[SourceDate "2018.06.28"]
[SourceVersion "1"]
[SourceVersionDate "2018.06.28"]
[SourceQuality "1"]

1. d4 Nf6 2. c4 e6 3. Nc3 Bb4 4. a3 Bxc3+ 5. bxc3 0-0 6. f3 d5 7. Bg5 h6 8. Bh4 c5 9. e3 Nc6 10. Bd3 dxc4 11. Bxc4 Qa5 12. Ne2 Nd5 13. Qd2 cxd4 14. cxd4 Nxe3 0-1

[Event "Groningen op-A 55th"]
[Site "Groningen"]
[Date "2017.12.30"]
[Round "9"]
[White "Priyanka, K."]
[Black "Van Randtwijk, Mick"]
[Result "1/2-1/2"]
[WhiteElo "2134"]
[BlackElo "2011"]
[PlyCount "98"]
[EventDate "2017.12.22"]
[EventType "swiss"]
[EventRounds "9"]
[EventCountry "NED"]
[SourceTitle "CBM 182 Extra"]
[Source "ChessBase"]
[SourceDate "2018.02.23"]
[SourceVersion "1"]
[SourceVersionDate "2018.02.23"]
[SourceQuality "1"]

1. e4 c5 2. Nf3 d6 3. d4 cxd4 4. Nxd4 Nf6 5. Nc3 a6 6. Bd3 e5 7. Nde2 Be6 8. 0-0 Nbd7 9. Ng3 b5 10. Nd5 Bxd5 11. exd5 Nb6 12. Bg5 Be7 13. Nf5 0-0 14. Qf3 Nfxd5 15. Bh6 gxh6 16. Qg4+ Bg5 17. h4 Kh8 18. hxg5 Qxg5 19. Qf3 Nf4 20. Nxd6 f5 21. g3 e4 22. Qxf4 Qxf4 23. gxf4 exd3 24. cxd3 Rad8 25. Nb7 Rg8+ 26. Kh2 Rxd3 27. Rad1 Rf3 28. Rd4 Nc4 29. Nd6 Nxd6 30. Rxd6 Rxf4 31. Rxh6 Rg5 32. Kh3 Kg7 33. Rh4 Rf3+ 34. Kh2 Kg6 35. Rh3 Rh5 36. Rxh5 Kxh5 37. Kg2 Kg4 38. Rd1 h5 39. Rd4+ Rf4 40. Rd6 Rb4 41. b3 a5 42. Rb6 f4 43. Rg6+ Kh4 44. Rb6 a4 45. bxa4 Rxa4 46. Rxb5 Rxa2 47. Rb8 Ra3 48. Rf8 Kg4 49. Rg8+ Kh4 1/2-1/2

[Event "Groningen op-A 55th"]
[Site "Groningen"]
[Date "2017.12.28"]
[Round "7"]
[White "Kalle, Erwin"]
[Black "Van Randtwijk, Mick"]
[Result "0-1"]
[WhiteElo "1994"]
[BlackElo "2011"]
[PlyCount "46"]
[EventDate "2017.12.22"]
[EventType "swiss"]
[EventRounds "9"]
[EventCountry "NED"]
[SourceTitle "CBM 182 Extra"]
[Source "ChessBase"]
[SourceDate "2018.02.23"]
[SourceVersion "1"]
[SourceVersionDate "2018.02.23"]
[SourceQuality "1"]

1. f4 c5 2. Nf3 Nc6 3. g3 g6 4. Bg2 Bg7 5. 0-0 d5 6. d3 Nf6 7. Qe1 0-0 8. e4 Rb8 9. c3 b5 10. e5 Ne8 11. Be3 c4 12. d4 b4 13. h3 h5 14. Nh4 e6 15. g4 hxg4 16. hxg4 bxc3 17. bxc3 Qb6 18. Rf3 g5 19. f5 f6 20. Ng6 Rf7 21. Rh3 Qd8 22. Qf2 Qd7 23. exf6 Nxf6 0-1

[Event "Korbach op 9th"]
[Site "Korbach"]
[Date "2017.10.19"]
[Round "1"]
[White "Mak, Nico"]
[Black "Van Randtwijk, Mick"]
[Result "1/2-1/2"]
[WhiteElo "1799"]
[BlackElo "2028"]
[PlyCount "157"]
[EventDate "2017.10.19"]
[EventType "swiss"]
[EventRounds "7"]
[EventCountry "GER"]
[SourceTitle "CBM 181 Extra"]
[Source "ChessBase"]
[SourceDate "2017.12.12"]
[SourceVersion "1"]
[SourceVersionDate "2017.12.12"]
[SourceQuality "1"]

1. e4 c5 2. Nf3 Nc6 3. c3 Nf6 4. e5 Nd5 5. Bc4 e6 6. 0-0 d6 7. d4 cxd4 8. cxd4 Be7 9. Re1 0-0 10. Nc3 Nxc3 11. bxc3 dxe5 12. Nxe5 Nxe5 13. Rxe5 Bd6 14. Rh5 b6 15. Qf3 Qc7 16. Bd3 g6 17. Bh6 Rd8 18. Qf6 Bf8 19. Bxf8 Rxf8 20. Rh6 Qxc3 21. Rd1 Qc7 22. Bf1 Bb7 23. Rxh7 Kxh7 24. Rd3 Qc1 25. f4 Qxf1+ 26. Kxf1 Ba6 27. Ke2 Rad8 28. Kd2 Bxd3 29. Kxd3 Rd5 30. Qe7 Kg7 31. Qxa7 Ra5 32. Qxb6 Rxa2 33. Qb7 Rfa8 34. d5 R8a3+ 35. Kc4 Rc2+ 36. Kd4 Rd2+ 37. Kc4 Rxd5 38. Qb2+ Kg8 39. Qxa3 Rf5 40. g3 Kg7 41. Kd4 Kg8 42. Ke4 Kg7 43. Qc3+ Kg8 44. g4 Rd5 45. Kf3 Kh7 46. Qf6 Kg8 47. g5 Kf8 48. Kg4 Ke8 49. h4 Rf5 50. Qh8+ Ke7 51. h5 gxh5+ 52. Qxh5 Rd5 53. Qh4 Kd7 54. Kh5 Rf5 55. Kh6 Ke8 56. Kg7 e5 57. Qe1 Ke7 58. Qb4+ Ke6 59. Qc4+ Kd6 60. fxe5+ Kxe5 61. Qc5+ Kf4 62. Qc1+ Ke5 63. Kh6 Ke6 64. Qc6+ Ke5 65. Qe8+ Kf4 66. Qe7 Kf3 67. Qf6 Ke4 68. Qe7+ Kf3 69. Kh5 Kg3 70. Qe4 Rf4 71. Qe3+ Rf3 72. Qg1+ Kf4 73. Qg4+ Ke3 74. Qc4 Rf4 75. Qc5+ Kf3 76. Kh6 Kg4 77. Kg7 Rf5 78. Qg1+ Kf4 79. Kh6 1/2-1/2

[Event "NED-ch U16"]
[Site "Assen"]
[Date "2017.04.24"]
[Round "3"]
[White "Van Randtwijk, Mick"]
[Black "Kokje, Joris"]
[Result "1/2-1/2"]
[WhiteElo "2014"]
[BlackElo "2187"]
[PlyCount "81"]
[EventDate "2017.04.23"]
[EventType "swiss"]
[EventRounds "9"]
[EventCountry "NED"]
[SourceTitle "CBM 178 Extra"]
[Source "ChessBase"]
[SourceDate "2017.06.22"]
[SourceVersion "1"]
[SourceVersionDate "2017.06.22"]
[SourceQuality "1"]

1. e4 c5 2. Nf3 d6 3. d4 cxd4 4. Nxd4 Nf6 5. Nc3 a6 6. Be3 e5 7. Nf3 Be7 8. Bc4 0-0 9. 0-0 Qc7 10. Bb3 Be6 11. Nh4 g6 12. Bh6 Re8 13. Nf3 Nbd7 14. Ng5 Bxb3 15. axb3 Nc5 16. Qf3 Ne6 17. Nd5 Qd8 18. c3 Nc7 19. Nb6 Rb8 20. Rad1 Bf8 21. Nd7 Qxd7 22. Bxf8 Rxf8 23. Qxf6 Rbd8 24. Rd3 Ne6 25. Nxh7 Nf4 26. Qxf4 exf4 27. Nf6+ Kg7 28. Nxd7 Rxd7 29. e5 d5 30. Rfd1 Rfd8 31. Rd4 g5 32. c4 Re7 33. Rxd5 Rde8 34. Re1 Kg6 35. Rd6+ Re6 36. Kf1 Kf5 37. f3 R8e7 38. Rd5 b6 39. Rd6 a5 40. Red1 Kxe5 41. Rxe6+ 1/2-1/2

[Event "NED-ch U16"]
[Site "Assen"]
[Date "2017.04.23"]
[Round "1"]
[White "Van Randtwijk, Mick"]
[Black "Hubers, Daan"]
[Result "1-0"]
[WhiteElo "2014"]
[BlackElo "1402"]
[PlyCount "71"]
[EventDate "2017.04.23"]
[EventType "swiss"]
[EventRounds "9"]
[EventCountry "NED"]
[SourceTitle "CBM 178 Extra"]
[Source "ChessBase"]
[SourceDate "2017.06.22"]
[SourceVersion "1"]
[SourceVersionDate "2017.06.22"]
[SourceQuality "1"]

1. e4 e6 2. d4 d5 3. Nc3 Bb4 4. Bd3 Ne7 5. e5 b6 6. a3 Bxc3+ 7. bxc3 Ba6 8. Nf3 Bxd3 9. Qxd3 h6 10. a4 Nd7 11. Ba3 0-0 12. Bxe7 Qxe7 13. 0-0 c5 14. Nd2 c4 15. Qg3 a6 16. f4 f5 17. exf6 Nxf6 18. Rae1 Qd7 19. Qg6 Rae8 20. Rb1 b5 21. axb5 axb5 22. Rf3 Ra8 23. Rg3 Ra2 24. Rxb5 Nh5 25. Qxh5 Qxb5 26. Qxh6 Ra1+ 27. Kf2 Qd7 28. Nf3 Qf7 29. Ke2 Ra7 30. Rg5 Qf6 31. Qh3 Re7 32. g3 Ra8 33. Ne5 Raa7 34. Nc6 Ra2 35. Nxe7+ Qxe7 36. Kd2 1-0

[Event "Hoogeveen Unive op 20th"]
[Site "Hoogeveen"]
[Date "2016.10.20"]
[Round "7"]
[White "Van Randtwijk, Mick"]
[Black "Eck, Mathias"]
[Result "0-1"]
[WhiteElo "1932"]
[BlackElo "2082"]
[PlyCount "74"]
[EventDate "2016.10.15"]
[EventType "swiss"]
[EventRounds "9"]
[EventCountry "NED"]
[SourceTitle "EXT 2017"]
[Source "ChessBase"]
[SourceDate "2016.10.25"]
[SourceVersion "1"]
[SourceVersionDate "2016.10.25"]
[SourceQuality "1"]

1. e4 e5 2. Nf3 Nc6 3. Bb5 a6 4. Ba4 Nf6 5. d3 d6 6. c3 g6 7. Bg5 h6 8. Bh4 Bg7 9. 0-0 0-0 10. Re1 b5 11. Bc2 Re8 12. a4 Bd7 13. axb5 axb5 14. Rxa8 Qxa8 15. d4 Bg4 16. d5 Ne7 17. Bd3 g5 18. Bg3 Bd7 19. Na3 Qa5 20. Qb3 Rb8 21. Ra1 Qb6 22. Nc2 Nexd5 23. exd5 e4 24. Bxe4 Nxe4 25. Nfd4 b4 26. Re1 bxc3 27. bxc3 Qxb3 28. Nxb3 Nxf2 29. Kxf2 Rxb3 30. Re7 Rxc3 31. Ne3 Bb5 32. Nf5 Bf8 33. Re1 Bd7 34. Ne3 g4 35. Rd1 Bg7 36. Kf1 Ra3 37. Rd2 Ra1+ 0-1

[Event "Vlissingen HZ op 20th"]
[Site "Vlissingen"]
[Date "2016.08.06"]
[Round "1"]
[White "Van Randtwijk, Mick"]
[Black "Landa, Konstantin"]
[Result "0-1"]
[WhiteElo "1947"]
[BlackElo "2597"]
[PlyCount "94"]
[EventDate "2016.08.06"]
[EventType "swiss"]
[EventRounds "9"]
[EventCountry "NED"]
[SourceTitle "CBM 173 Extra"]
[Source "ChessBase"]
[SourceDate "2016.08.29"]
[SourceVersion "1"]
[SourceVersionDate "2016.08.29"]
[SourceQuality "1"]

1. e4 c6 2. d4 d5 3. Nc3 dxe4 4. Nxe4 Bf5 5. Ng3 Bg6 6. h4 h6 7. Nf3 Nd7 8. h5 Bh7 9. Bd3 Bxd3 10. Qxd3 e6 11. Bd2 Ngf6 12. 0-0-0 Bd6 13. Ne4 Nxe4 14. Qxe4 Nf6 15. Qe2 Bc7 16. Kb1 Qd5 17. c4 Qe4+ 18. Qxe4 Nxe4 19. Be1 0-0-0 20. Rh4 f5 21. Rd3 Rd7 22. Nd2 Nxd2+ 23. Bxd2 Rhd8 24. Bc3 e5 25. b4 b5 26. c5 Rd5 27. Kc2 R8d7 28. Bb2 Bd8 29. Rhh3 exd4 30. Rd1 Bf6 31. Rhd3 f4 32. g4 fxg3 33. fxg3 a5 34. a3 Kd8 35. g4 a4 36. Kb1 Ke7 37. R1d2 Ke6 38. Kc2 Bg5 39. Rd1 Be3 40. Re1 Re5 41. Re2 Rf7 42. Rg2 Kd5 43. Re2 Kc4 44. Bc3 Rf2 45. Rxf2 Bxf2 46. Bd2 Re2 47. Rf3 Be3 0-1

[Event "Crawley e2e4 Gatwick op"]
[Site "Crawley"]
[Date "2016.02.21"]
[Round "4"]
[White "Van Randtwijk, Mick"]
[Black "Munshi, Aditya"]
[Result "0-1"]
[WhiteElo "1943"]
[BlackElo "1762"]
[PlyCount "112"]
[EventDate "2016.02.19"]
[EventType "swiss"]
[EventRounds "5"]
[EventCountry "ENG"]
[SourceTitle "CBM 171 Extra"]
[Source "ChessBase"]
[SourceDate "2016.04.26"]
[SourceVersion "1"]
[SourceVersionDate "2016.04.26"]
[SourceQuality "1"]

1. e4 e6 2. d4 d5 3. Nc3 Nf6 4. Bg5 Bb4 5. e5 h6 6. Bd2 Bxc3 7. bxc3 Ne4 8. Bd3 Nxd2 9. Qxd2 c5 10. Nf3 c4 11. Be2 Qa5 12. 0-0 Nd7 13. Rfb1 0-0 14. Qe3 Nb6 15. Nd2 Bd7 16. f4 Rab8 17. Rf1 Na4 18. Rf3 b5 19. Rg3 Kh7 20. a3 Qd8 21. Qf3 Nb6 22. Qg4 Rg8 23. Nf3 Qf8 24. Ng5+ Kh8 25. Rh3 Nc8 26. Rf1 Ne7 27. Qf3 f6 28. exf6 Qxf6 29. Qg3 Nf5 30. Qg4 a5 31. Qf3 b4 32. g4 Ne7 33. Qg3 bxa3 34. Nf3 Nc6 35. g5 Qf8 36. Nh4 Ne7 37. Ra1 e5 38. fxe5 Bxh3 39. Qxh3 Qf4 40. Nf3 Qe3+ 41. Kf1 Qxc3 42. Re1 a2 43. gxh6 g6 44. Qh4 Nf5 45. Qf6+ Ng7 46. Qxg6 Ne8 47. Qf7 a1Q 48. h7 Qaxe1+ 49. Nxe1 Qh3+ 50. Kf2 Qxh7 51. Qxd5 Qxh2+ 52. Ke3 Qh6+ 53. Kf2 Qh4+ 54. Kf1 Qh3+ 55. Ng2 Rb1+ 56. Kf2 Qg3# 0-1

[Event "Crawley e2e4 Gatwick op"]
[Site "Crawley"]
[Date "2016.02.20"]
[Round "3"]
[White "Lane, Peter Christopher"]
[Black "Van Randtwijk, Mick"]
[Result "1-0"]
[WhiteElo "2042"]
[BlackElo "1943"]
[PlyCount "51"]
[EventDate "2016.02.19"]
[EventType "swiss"]
[EventRounds "5"]
[EventCountry "ENG"]
[SourceTitle "CBM 171 Extra"]
[Source "ChessBase"]
[SourceDate "2016.04.26"]
[SourceVersion "1"]
[SourceVersionDate "2016.04.26"]
[SourceQuality "1"]

1. d4 Nf6 2. c4 e6 3. Nc3 Bb4 4. e3 0-0 5. Bd3 d5 6. Nf3 b6 7. 0-0 Bb7 8. a3 Bxc3 9. bxc3 c5 10. cxd5 exd5 11. Qe2 Nc6 12. Bb2 Re8 13. Nd2 Qe7 14. Rae1 Rad8 15. f3 Rd6 16. Qf2 Re6 17. e4 dxe4 18. fxe4 Ng4 19. Qg3 Rg6 20. e5 Rg5 21. Nf3 cxd4 22. Nxg5 Qxg5 23. h3 Ncxe5 24. hxg4 Qd2 25. Bc1 Qxc3 26. Rxe5 1-0

[Event "Crawley e2e4 Gatwick op"]
[Site "Crawley"]
[Date "2016.02.20"]
[Round "2"]
[White "Van Randtwijk, Mick"]
[Black "Johansson, Toni"]
[Result "1/2-1/2"]
[WhiteElo "1943"]
[BlackElo "2053"]
[PlyCount "81"]
[EventDate "2016.02.19"]
[EventType "swiss"]
[EventRounds "5"]
[EventCountry "ENG"]
[SourceTitle "CBM 171 Extra"]
[Source "ChessBase"]
[SourceDate "2016.04.26"]
[SourceVersion "1"]
[SourceVersionDate "2016.04.26"]
[SourceQuality "1"]

1. e4 c5 2. Nf3 d6 3. d4 cxd4 4. Nxd4 Nf6 5. Nc3 g6 6. Be3 Bg7 7. f3 0-0 8. Qd2 Nc6 9. Bc4 Bd7 10. 0-0-0 Rc8 11. Bb3 Nxd4 12. Bxd4 b5 13. Kb1 b4 14. Nd5 Nxd5 15. Bxd5 Bxd4 16. Qxd4 a5 17. h4 h6 18. e5 e6 19. Bb7 Rb8 20. Ba6 d5 21. Bd3 Bb5 22. f4 Qb6 23. Qxb6 Rxb6 24. g4 Bxd3 25. Rxd3 Rc8 26. b3 Rbc6 27. Rh2 Re8 28. h5 Kg7 29. g5 Rh8 30. Rdh3 Rc3 31. Rxc3 bxc3 32. hxg6 fxg6 33. gxh6+ Kh7 34. a3 Rf8 35. Rh4 Rf7 36. Ka2 d4 37. b4 a4 38. Kb1 Rf8 39. Ka1 Rf5 40. Ka2 Rf7 41. Kb1 1/2-1/2